Statistics for Picture Quiz: famous people, first name starts with H

Click here to take the quiz!

General Stats

  • This quiz has been taken 87 times
  • The average score is 9 of 15

Answer Stats

Answer% Correct
Harrison Ford
95%
Henry Ford
84%
Harry Styles
79%
Helen Mirren
76%
Halle Berry
68%
Hilary Swank
68%
Hillary Clinton
68%
Henry Kissinger
61%
Hugh Jackman
61%
Henry Winkler
58%
Heath Ledger
45%
Helen Keller
29%
Heather Graham
24%
Holly Hunter
24%
Harriet Harman
21%

Score Distribution

Percentile by Number Answered

Percent of People with Each Score

Your Score History

You have not taken this quiz